Rate processes in metallurgy / (Record no. 37296)

MARC details
000 -LEADER
fixed length control field 00684nam a22002057a 4500
005 - DATE AND TIME OF LATEST TRANSACTION
control field 20100723101548.0
010 ## - LCCN (DPL NO)
LC control number ENG-96724
020 ## - INTERNATIONAL STANDARD BOOK NUMBER
International Standard Book Number 9788120335912
Terms of availability 350.00
035 ## - SYSTEM CONTROL NUMBER
System control number EN-80257
037 ## - SOURCE OF ACQUISITION
Source of stock number/acquisition DBAD/PUB
082 ## - DEWEY DECIMAL CLASSIFICATION NUMBER
Classification number 620.11
100 ## - MAIN ENTRY--PERSONAL NAME
Personal name Mohanty, A.K
245 ## - TITLE STATEMENT
Title Rate processes in metallurgy /
Statement of responsibility, etc by A. K.Mohanty
260 ## - PUBLICATION, DISTRIBUTION, ETC. (IMPRINT)
Place of publication, distribution, etc New Delhi
Name of publisher, distributor, etc PHI Learning
Date of publication, distribution, etc 2009
270 ## - ADDRESS
Address M-97,Connaught Circus
City New Delhi
Postal code 110006
300 ## - PHYSICAL DESCRIPTION
Extent viii, 435p
Dimensions 24cm (pbk)
500 ## - GENERAL NOTE
General note Includes index
942 ## - ADDED ENTRY ELEMENTS (KOHA)
Source of classification or shelving scheme Dewey Decimal Classification
Item type English Books
Classification part 620.11
Call number suffix MON
Holdings
Withdrawn status Lost status Not for loan Home library Current library Date acquired Source of acquisition Cost, normal purchase price Full call number Barcode Copy number Cost, replacement price Koha item type
    Not For Loan D.B.Act.Division D.B.Act.Division 23/07/2010 DBAD/PUB 350.00 620.11 MON EN-80257 1 350.00 English Books

© Delhi Public Library
Hit Counter
free hit counter